[Event "1st Goa GM Open 2018"]
[Site "Taleigao"]
[Date "2018.10.20"]
[Round "10"]
[White "Raahul V S"]
[Black "Neverov, Valeriy"]
[Result "1-0"]
[WhiteElo "2294"]
[BlackElo "2488"]
[Annotator "TA"]
[PlyCount "122"]
[EventDate "2018.10.13"]
[EventType "swiss"]
[EventCountry "IND"]
[SourceTitle "playchess.com"]
[Source "ChessBase"]
[SourceQuality "1"]

{[%evp 20,122,11,14,33,26,31,11,34,-73,-65,-39,0,0,0,0,0,-79,-26,-70,9,9,7,2,9,1,113,107,128,116,168,114,225,200,271,273,265,243,291,281,295,287,292,293,293,283,296,279,284,285,290,262,279,269,381,237,246,156,122,120,124,121,1009,249,525,270,281,270,248,248,248,248,241,233,206,6,6,0,192,172,344,343,450,450,386,376,450,450,1261,1261,2749,2381,5035,4218,3016,2773,29970,29972,29972,29972,29969,29973,29970,29972,29971]} 1. c4 f5 2. d4 Nf6 3. Nc3 d6 4. g3 g6 5. Bg2 Bg7 6. Nf3 O-O 7. O-O Qe8 8. b3 c6 9. Bb2 Na6 10. d5 Bd7 11. Rb1 h6 {A88: Dutch Defence: Leningrad System: 5 Nf3 0-0 6 0-0 d6 7 Nc3 c6} 12. Nd2 (12. Re1 Nc7 13. Nd4 c5 14. Ne6 Bxe6 15. dxe6 Nxe6 16. Bxb7 Rb8 17. Bg2 Qf7 18. Nd5 Ne4 19. e3 {½-½ (41) Badea,B (2456)-Marin,M (2539) Calimanesti Caciulata 2017 CBM 179 [Marin,M]}) 12... g5 13. e4 f4 $146 {The position is equal.} ({Predecessor:} 13... Nc5 14. Qe2 a5 15. f4 gxf4 16. Rxf4 Qg6 17. Rbf1 Ng4 {0-1 (43) Brantley,C-Watson,A corr 1987}) 14. Qe1 (14. Ne2 $14 {keeps the upper hand.}) 14... Ng4 $17 15. Nf3 Qh5 {[#] ...fxg3 is the strong threat.} 16. Ne2 Bxb2 17. Rxb2 Nc5 {aiming for ...Nd3.} 18. Nc1 (18. Rd2 $1 $11) 18... a5 (18... e5 $17 {White must now prevent ...cxd5.} 19. dxe6 Bxe6) 19. e5 Bf5 ({Black should try} 19... cxd5 $15 20. h3 Nxe5 21. Nxe5 dxe5 22. Qxe5 Bxh3 23. Bxh3 (23. Qxd5+ $2 e6 $19) 23... Qxh3 24. Qxd5+ Kh7) 20. h3 $11 Nxe5 21. Nxe5 {Hoping for g4.} Bxh3 22. g4 Bxg4 (22... f3 $1 $11 23. Bxf3 (23. gxh5 $2 fxg2 24. Ng6 Rf7 $19) 23... Qe8) 23. Nxg4 $16 Qxg4 24. f3 $36 {[%mdl 2048] White is on the roll.} Qf5 (24... Qd7 $16) 25. dxc6 (25. Qxe7 $18 cxd5 26. Qxd6 dxc4 27. bxc4) 25... e5 (25... bxc6 $16 26. Qxe7 Qe5 27. Qxe5 dxe5) 26. cxb7 Ra7 27. Qd1 Nxb7 28. Qd5+ Kh8 29. Nd3 h5 30. c5 Nxc5 31. Nxc5 dxc5 32. Qxc5 Rg7 33. Re2 Re8 34. Rfe1 ({Much less strong is} 34. Qxa5 $6 g4 $16) 34... Rge7 35. Rd1 g4 36. Rd8 ({Resist} 36. Qxa5 $6 h4 $16) 36... Kg7 (36... Rxd8 $142 37. Qxe7 Rd5 38. fxg4 Qxg4) 37. Rxe8 Rxe8 38. fxg4 hxg4 {intending ...f3.} 39. Qc7+ Qf7 40. Qxa5 Qf5 $2 {[%mdl 8192]} (40... f3 $16 41. Rxe5 fxg2 42. Rg5+ Kh6) 41. Qc7+ $2 (41. Be4 Qf6 42. Rd2) 41... Kf6 $2 (41... Qf7 42. Qxf7+ Kxf7) 42. Be4 Rc8 43. Bxf5 Rxc7 44. Bxg4 $18 {[%mdl 4096] Endgame KRB-KR} Rg7 45. Rg2 e4 {[#]} 46. Bf3 $1 {[%mdl 512]} Re7 (46... exf3 47. Rxg7) 47. Re2 $2 (47. Bd1 $18) 47... Rg7+ $11 48. Rg2 $2 (48. Kf2 $11 exf3 49. Kxf3) 48... Re7 $18 49. Be2 Ke5 $2 (49... f3) 50. Rg5+ Kd4 51. Kf2 Rh7 52. Rh5 Ra7 53. a4 {[%cal Ba2a4,Ba4a5,Ba5a6][%mdl 32]} Kc3 (53... Rg7 $142 54. Bc4 Rg3 55. Rd5+ Kc3) 54. Bc4 Rg7 55. a5 Rg3 56. a6 e3+ 57. Ke2 Rg2+ 58. Kf3 {White mates.} Rf2+ 59. Ke4 e2 60. Rh1 Rh2 61. Re1 Rh8 {Precision: White = 58%, Black = 27%.} 1-0

[Event "1st Goa GM Open 2018"]
[Site "Taleigao"]
[Date "2018.10.20"]
[Round "10"]
[White "Deshmukh, Anup"]
[Black "Himanshu, Sharma"]
[Result "1/2-1/2"]
[WhiteElo "2267"]
[BlackElo "2444"]
[Annotator "TA"]
[PlyCount "122"]
[EventDate "2018.10.13"]
[EventType "swiss"]
[EventCountry "IND"]
[SourceTitle "playchess.com"]
[Source "ChessBase"]
[SourceQuality "1"]

{[%evp 13,122,5,17,0,0,1,0,-17,-16,-11,-14,-23,-8,-31,-29,-23,-27,-35,-34,-34,-36,-64,-58,-66,-59,-75,-64,-77,-72,-64,-49,-105,-41,-53,-22,-47,-41,-46,-52,-73,-49,-37,-58,-137,-60,-49,-45,-41,-34,-48,-12,-52,-47,-53,-42,-43,-45,-72,-30,-40,0,0,0,0,0,0,0,0,8,0,8,8,8,8,8,8,259,255,543,481,314,0,137,0,0,0,0,0,0,0,0,0,0,0,0,0,8,0,0,0,0,0,0,0,0,0,0,0,0,0,0]} 1. Nf3 d5 2. d4 c6 3. g3 Bf5 4. Bg2 e6 5. O-O h6 6. c4 Nf6 7. Nc3 Be7 8. a4 {D11: Slav Defence: 3 Nf3 sidelines and 3...Nf6 4 e3 Bg4} (8. Nd2 O-O 9. e4 dxe4 10. Ndxe4 Nbd7 11. Be3 Nxe4 12. Nxe4 Nf6 13. Nxf6+ Bxf6 14. Qb3 Qd7 15. Rfd1 Rac8 16. Rac1 Rfd8 17. Rd2 {½-½ (17) Sedlak,N (2608)-Indjic,A (2599) Niksic 2018}) 8... Na6 9. a5 O-O {[%cal Bh8f8,Bf8c8,Bc8c5,Bc5b5][%mdl 32]} 10. c5 $146 ({Predecessor:} 10. Qb3 Nb4 11. c5 Nc2 12. Ra4 Nd7 13. Qxb7 Bxc5 14. dxc5 Nxc5 15. Qxc6 Rc8 {0-1 (31) Gieritz,D (2160)-Noack,R (2180) Germany 2009}) 10... b6 11. Ne5 bxc5 12. Nxc6 Qd7 13. Nxe7+ Qxe7 14. dxc5 Rfc8 15. Na4 Nxc5 16. Nxc5 Rxc5 17. Be3 Rb5 $1 18. Bd4 e5 19. Bc3 $1 Rd8 {Hoping for ...d4.} 20. Qa4 a6 21. e3 Be4 22. f3 {[#]} ({White should try} 22. Qa3 $15 Qxa3 23. bxa3) 22... Bd3 (22... d4 $1 $17 {[%cal Rd4c3][%mdl 512]} 23. exd4 exd4 24. fxe4 (24. Bxd4 Rb4 $17) 24... dxc3 25. bxc3 Qc5+ 26. Kh1 Rd2) 23. Rfe1 Nd7 {[%cal Bf6d7,Bd7c5,Bc5d3][%mdl 32]} 24. Qd1 Bc4 25. f4 e4 26. Qd4 {[%csl Gc3][%cal Rd4g7]} f6 27. Ra4 Nc5 28. Rxc4 (28. Bb4 $15) 28... dxc4 (28... Nb3 $1 $17 29. Bb4 Rxb4) 29. Qxc4+ $15 Kh8 30. h3 Nd3 31. Re2 $1 Re8 32. g4 Qe6 33. Qxe6 Rxe6 34. Rd2 Rd5 35. f5 Re7 36. Kf1 Kg8 37. Ke2 $1 Kf7 {[#]} 38. Bxe4 $1 {[%mdl 512]} Rxe4 39. Rxd3 Rxd3 40. Kxd3 $11 {[%mdl 4096] Endgame KR-KB} Re7 41. Bd4 Rc7 42. e4 g6 43. b4 Rc1 44. Bc5 g5 $2 {[%mdl 8192] [#]} (44... h5 $11 {and Black has nothing to worry.}) 45. Kd4 $1 $18 Ke8 $2 (45... Rd1+ 46. Kc4 Ke8) 46. Kd5 Kd7 47. Bf8 $2 (47. e5 $18) 47... Rh1 {[#]} (47... Re1 $11) 48. Bxh6 ({White should play} 48. Bg7 $1 $16) 48... Rxh3 $11 {The position is equal.} 49. Bg7 Ke7 $1 50. e5 fxe5 51. Bxe5 Rh4 52. Bd6+ Kf7 53. Kc6 Rxg4 54. Kb7 Rh4 55. f6 Re4 {Strongly threatening ...g4.} 56. Bc5 Re6 {[#] ...g4 is the strong threat.} 57. b5 $1 {[%mdl 512]} axb5 58. a6 Re2 59. Kb6 b4 {aiming for ...b3.} 60. a7 Ra2 {And now ...b3 would win.} 61. Bxb4 Rxa7 $1 {Precision: White = 60%, Black = 56%.} 1/2-1/2

[Event "1st Goa GM Open 2018"]
[Site "Taleigao"]
[Date "2018.10.20"]
[Round "10"]
[White "Gajwa Ankit"]
[Black "Bakunts, Rafael"]
[Result "0-1"]
[WhiteElo "2224"]
[BlackElo "2427"]
[Annotator "TA"]
[PlyCount "82"]
[EventDate "2018.10.13"]
[EventType "swiss"]
[EventCountry "IND"]
[SourceTitle "playchess.com"]
[Source "ChessBase"]
[SourceQuality "1"]

{[%evp 15,82,22,66,48,58,10,32,21,25,-45,-32,-47,-51,-97,-89,-104,-87,-120,-108,-92,-82,-70,-79,-104,0,0,-4,-20,-14,-21,-20,-20,-20,-12,-19,-18,-22,-34,-22,-25,-10,-11,0,0,0,0,6,0,0,-125,-122,-122,-116,-3128,-135,-29973,-109,-3395,-24,-33,-62,-173,-76,-290,-285,-29994,445,-29993,29990]} 1. e4 c5 2. Nf3 Nf6 3. e5 Nd5 4. Nc3 Nxc3 5. dxc3 Nc6 6. Bf4 e6 7. Qd2 Qc7 {B29: Sizilianisch (Rubinstein-Variante)} (7... h6 8. h4 Qc7 9. O-O-O a6 10. Bd3 b5 11. Be4 Bb7 12. Qe3 Ne7 13. Kb1 c4 14. Rhe1 Bxe4 15. Qxe4 {0-1 (59) Pavlidis,A (2539)-Duda,J (2693) Minsk 2017}) 8. O-O-O b6 {LiveBook: 5 Partien} 9. Ng5 $146 ({Vorgänger:} 9. h4 h6 10. Bd3 {½-½ (10) Kotsur,P (2552)-Rasulov,V (2506) Tashkent 2017}) 9... Be7 {Weiß steht etwas besser.} 10. Bb5 a6 11. Bxc6 Qxc6 12. Qe2 (12. Rhe1 $11) 12... Bb7 $1 $15 {...Da4 ist eine echte Drohung.} 13. Rhe1 Qa4 14. Qd2 h6 15. Nf3 g5 {[%cal Bg7g5,Bg5g4][%mdl 32]} 16. Bg3 g4 17. b3 Qb5 18. c4 Qc6 19. Ng1 O-O-O ({Ein No Go ist} 19... Qxg2 $6 20. Qxd7+ Kf8 21. f3 $11) ({Günstiger ist} 19... h5 $17 20. f3 b5) 20. f3 $11 h5 21. fxg4 hxg4 22. Rf1 Qxg2 23. Rf2 Qe4 24. Rxf7 Rh7 $40 {[%mdl 128] Schwarz startet einen Angriff.} 25. Rxh7 Qxh7 26. Ne2 Bf3 27. a4 Qf5 28. Kb2 Bg5 29. Qd6 $1 {[%cal Rd6b6]} Bxe2 {[#]} 30. Qxb6 $1 {[%mdl 512]} Rf8 31. Qxc5+ Kd8 32. Qb6+ (32. Rd4 $11 Bf3 33. Rf4 Bxf4 34. Bh4+ Bg5 35. Bxg5+ Qxg5 36. Qxf8+ Kc7 37. Qd6+ Kd8 38. Qf8+ Kc7 39. Qd6+ Kd8 40. Qf8+) 32... Ke8 $17 33. Qb8+ Kf7 34. Rd4 $2 {[%mdl 8192]} (34. Rxd7+ $17 Kg6 35. Qa7) 34... d6 $2 (34... Rxb8 $19 35. Rxd7+ Kf8) 35. Rxd6 $2 {[%mdl 8192]} (35. Qc7+ $17 Kg8 36. Qd7) 35... Kg8 $2 (35... Rxb8 {setzt Matt} 36. Rd7+ Kg6 37. Rd6 Bxc4 38. Rd4 Qf1 39. Rxc4 Qxc4 40. Bf2 Qf4 41. h4 gxh3 42. Be1 Qc1+ 43. Kc3 Qa1+ 44. Kc4 Rc8+ 45. Kb4 Qxe5 46. Bf2 Be7+ 47. Bc5 Qxc5#) 36. Rd7 $2 {[%mdl 8192]} (36. Qb4 $17) 36... a5 $2 (36... Rxb8 $19 37. Be1 Qxe5+ 38. Ka2 Bc1 39. c3 Qf5 40. Rd2 Bxd2 41. h4 Qc2+ 42. Ka1 Bxe1 43. h5 Bxc3#) 37. Qd6 Bf3 38. c5 (38. Be1 $15) 38... Be4 (38... Bd5 $1 $19 {und Schwarz behält klar die Oberhand. Droht ...Df1 und aus.} 39. Qc7 Be3) 39. c6 $2 (39. Qc7 $17) 39... Qf1 $1 $19 {[%cal Rf1c1] ( -> ...Dc1+)} ({Weniger gut wäre} 39... Bxc2 40. c7 $15) 40. c7 $2 (40. Qd1 $19 Bxc6 41. Qxf1 Rxf1 42. Rd4) 40... Kh8 $4 {[%mdl 8192] [#]} (40... Qc1+ {und alles wird gut.} 41. Kc3 Qxc2+ 42. Kd4 Be3+ $1 {[%mdl 512]} 43. Kxe3 Rf3+ 44. Kd4 Qc3+ 45. Kxe4 Qe3#) 41. Qxe6 $4 {[%mdl 8192]} (41. Be1 $1 $18 {[%mdl 512]} Bb7 (41... Qxe1 42. Qxf8#) 42. Rd8 Rxd8 43. cxd8=B Bxd8 44. Qxd8+ Kg7 45. Qg5+ Kf7 46. Qh5+ Kg7 47. Qxg4+ Kf7 48. Qh5+ Kg7 49. Qg5+ Kf7 50. Bh4) 41... Bd2 $4 {[%mdl 40960] Precision: Weiß = 17%, Schwarz = 39%. . Loss on Time!?} (41... Qc1+ {und Schwarz kann entspannen.} 42. Kc3 Qxc2+ 43. Kd4 Qd3+ 44. Kc5 Be3+ 45. Rd4 Qxd4+ 46. Kb5 Qc5+ 47. Ka6 Ra8#) 0-1

[Event "1st Goa GM Open 2018"]
[Site "Taleigao"]
[Date "2018.10.20"]
[Round "10"]
[White "Sahil, Tickoo"]
[Black "Rahman, Ziaur"]
[Result "1/2-1/2"]
[WhiteElo "2217"]
[BlackElo "2473"]
[Annotator "TA"]
[PlyCount "167"]
[EventDate "2018.10.13"]
[EventType "swiss"]
[EventCountry "IND"]
[SourceTitle "playchess.com"]
[Source "ChessBase"]
[SourceQuality "1"]

{[%evp 18,167,-20,-13,-14,-54,-39,-53,-28,-23,-18,-34,-19,-19,-17,-36,-9,-9,-10,-15,-7,-15,-4,-34,-31,-24,-9,-27,-15,-28,0,0,0,0,0,0,0,-7,0,0,8,0,2,8,8,9,68,12,12,0,0,0,0,0,0,0,0,0,0,0,0,0,0,0,0,0,0,-4,-2,-6,-16,-32,-41,-79,-79,-99,-34,-34,-34,-34,-34,-34,-34,-34,-34,-37,-38,-40,-40,-40,-40,-40,0,-87,0,0,0,0,0,0,0,0,0,0,0,0,0,0,0,0,0,-14,-15,-14,0,0,0,0,0,0,0,0,0,0,0,0,0,0,0,0,0,0,0,0,0,0,0,0,0,0,0,0,0,0,0,0,0,0,0,-15,-15,-38]} 1. d4 d5 2. Bf4 e6 3. e3 Bd6 4. Bg3 Nf6 5. Nd2 b6 (5... O-O 6. Ngf3 c5 7. c3 Nc6 8. Bb5 Be7 9. Qb1 Nh5 10. dxc5 Bxc5 11. Bh4 Be7 12. Bxe7 Qxe7 13. c4 Qc5 14. O-O dxc4 15. Bxc4 Nf6 {½-½ (44) Naiditsch,A (2702)-Svidler,P (2760) Antalya 2017}) 6. Bd3 {D00: 1 d4 d5: Unusual lines} Bb7 7. c3 O-O 8. Qb1 c5 9. Ngf3 Nc6 10. Ne5 {LiveBook: 7 Games} g6 11. f4 Nh5 $146 ({Predecessor:} 11... Ne7 12. Bf2 Ne8 13. O-O Qc7 14. Qd1 f6 {0-1 (57) Vojta,T (2351)-Caletka,R (2307) Czech Republic 2018}) 12. Ndf3 cxd4 (12... Ne7 {keeps more tension.} 13. Ng4 c4 14. Bc2 Nf5 15. Bf2 Nhg7) 13. Nxc6 Bxc6 14. cxd4 Qd7 15. O-O Bb5 16. Ne5 Bxe5 (16... Bxd3 {is interesting.} 17. Qxd3 Qb7 18. Bh4 Ng7 19. g4 f6) 17. fxe5 Nxg3 18. hxg3 Rac8 19. Rf2 Rc7 20. Qf1 Bxd3 21. Qxd3 Qa4 22. a3 Rfc8 23. Raf1 Qc4 24. Qd1 Rd7 25. Kh2 {[%cal Bg1h2,Bh2h3,Bh3g3,Bg3f4][%mdl 32]} Qc7 26. Qg4 Qd8 27. Qf4 a5 28. Kh3 a4 29. g4 Rc4 30. Kg3 Qc8 31. Rh1 Qf8 (31... Rc1 $11 32. Rh3 Qf8) 32. g5 (32. Rff1 $14) 32... Rdc7 $11 33. Qf6 Rc1 $1 {[%cal Rc1h1]} 34. Rh4 Re1 35. Kf4 Rcc1 36. g3 {[#] White wants to mate with Rxh7!} Rf1 37. Rhh2 Rxf2+ 38. Rxf2 {[%mdl 4096] Endgame KQR-KQR} Re1 39. Kf3 h5 40. Kg2 Rc1 41. Qf4 Qe7 42. e4 Rc4 43. exd5 exd5 44. Re2 Qe6 45. Qf6 Rxd4 46. Rc2 {[#]} Rc4 (46... Qxf6 $1 $17 47. exf6 Rg4 48. Rc8+ Kh7) 47. Rxc4 $15 dxc4 48. Qxe6 fxe6 {KP-KP} 49. Kf3 Kf7 50. Ke4 Ke7 51. Kd4 Kd7 $1 {[%cal Rd7c7]} ({Don't go for} 51... b5 $2 52. Kc5 $18) 52. Kxc4 Kc6 53. Kb4 Kd5 54. Kxa4 Kxe5 {Threatens to win with ...Kd4.} 55. Kb5 (55. b4 $1 $11 {remains equal.}) 55... Kd4 ({Better is} 55... Kf5 $17 56. a4 e5 57. Kxb6 e4) 56. a4 {The position is equal.} e5 {And now ...e4 would win.} 57. Kxb6 e4 {Hoping for ...e3.} 58. a5 e3 59. a6 e2 60. a7 e1=Q {( -> ...Qb4+)} 61. a8=Q Qxg3 $11 {KQ-KQ} 62. Qd8+ Ke4 {aiming for ...Qb3+.} 63. Qf6 Qb8+ 64. Kc6 Qe8+ 65. Kc5 h4 {Strongly threatening ...h3.} 66. Qd4+ Kf5 {...Qe5+ is the strong threat.} 67. Qxh4 Qe5+ 68. Kc4 Qxb2 69. Qh3+ Kxg5 70. Qg3+ Kf6 {White must now prevent ...Qe2+.} 71. Qh4+ Kf7 72. Kd3 Qb5+ 73. Ke3 Qb3+ 74. Kf2 Qc2+ 75. Kf3 Qd3+ 76. Kf2 Ke6 77. Qg4+ Kf6 78. Qf4+ Kg7 79. Qe5+ Kh6 80. Qh2+ Kg7 81. Qe5+ Kf7 82. Qf4+ Ke6 83. Qg4+ Ke7 84. Qg5+ {Precision: White = 68%, Black = 56%.} 1/2-1/2

[Event "1st Goa GM Open 2018"]
[Site "Taleigao"]
[Date "2018.10.20"]
[Round "10"]
[White "Samant Aditya S"]
[Black "Sai Agni Jeevitesh, J."]
[Result "1/2-1/2"]
[WhiteElo "2211"]
[BlackElo "2362"]
[Annotator "TA"]
[PlyCount "25"]
[EventDate "2018.10.13"]
[EventType "swiss"]
[EventCountry "IND"]
[SourceTitle "playchess.com"]
[Source "ChessBase"]
[SourceQuality "1"]

{[%evp 9,25,42,56,-499,90,20,10,-27,-15,-118,-121,-642,-427,-452,-387,-546,256,-259]} 1. e4 d6 2. d4 Nf6 3. Nc3 Nbd7 4. f4 e5 5. Nf3 exd4 {LiveBook: 292 Games} 6. Qd2 $146 {[%mdl 8192] B07: Pirc Defence: Miscellaneous Systems} (6. Qxd4 $14 {keeps the upper hand.} c6 7. Be2) ({Predecessor:} 6. Nxd4 g6 7. Be2 Bg7 8. O-O O-O 9. Bf3 Re8 10. h3 c6 11. Kh1 Qc7 12. a4 a5 13. b3 Nc5 14. Re1 {0-1 (30) Volokitin,A (2628)-Bortnyk,O (2610) Riadh 2017}) 6... d3 $2 (6... dxc3 $19 7. Qxc3 Nxe4) 7. Qxd3 (7. cxd3 $16 Be7 8. d4) 7... c6 8. Qd4 {The position is equal.} d5 {[#] ...Bc5 is the strong threat.} 9. Be3 (9. e5 $11) 9... Bc5 $17 10. exd5 $2 {[%mdl 8192]} (10. Qd2 $17) 10... Qe7 11. Qd3 Ng4 ({Not} 11... Bxe3 12. d6 $11) 12. Nd4 (12. dxc6 $142 bxc6 13. Qe4 Bxe3 14. Qxe7+ Kxe7 15. h3) 12... Qf6 $4 {[%mdl 8192] [#]} (12... Qxe3+ $19 {and all is fine.} 13. Qxe3+ Nxe3 14. dxc6 Bxd4 15. cxd7+ Bxd7) 13. Nf5 $4 {[%mdl 40960] Precision: White =  2%, Black = 42%. . An unexpected result.} (13. dxc6 $18 {and life is good for White.} bxc6 14. Ne4) 1/2-1/2

[Event "1st Goa GM Open 2018"]
[Site "Taleigao"]
[Date "2018.10.20"]
[Round "10"]
[White "Surendran N"]
[Black "Anwesh, Upadhyaya"]
[Result "1/2-1/2"]
[WhiteElo "2210"]
[BlackElo "2381"]
[Annotator "TA"]
[PlyCount "64"]
[EventDate "2018.10.13"]
[EventType "swiss"]
[EventCountry "IND"]
[SourceTitle "playchess.com"]
[Source "ChessBase"]
[SourceQuality "1"]

{[%evp 17,64,25,35,0,77,72,74,8,41,25,37,29,33,45,35,22,34,17,35,32,23,14,35,29,30,29,36,-18,-14,-14,-14,-64,0,0,0,0,0,0,0,0,0,0,0,0,0,0,0,0,6]} 1. d4 Nf6 2. Nf3 e6 3. c4 c5 4. d5 exd5 5. cxd5 g6 6. Nc3 d6 7. Bf4 Bg7 8. Qa4+ Bd7 9. Qb3 Qc7 10. e3 {A61: Modern Benoni: Nf3 without early e4} (10. e4 O-O 11. Nd2 Nh5 12. Be3 f5 13. exf5 Bxf5 14. h3 Nf6 15. g4 Bd7 16. Bg2 Na6 17. O-O Rab8 18. Rfe1 b5 19. Nce4 Ne8 20. a3 {½-½ (49) Riazantsev,A (2666)-Donchenko,A (2559) Douglas 2017}) 10... a6 (10... Nh5 $11) 11. a4 O-O 12. Be2 ({White should play} 12. h3 $16) 12... Bg4 13. h3 $146 ({Predecessor:} 13. O-O Nbd7 14. h3 Bxf3 15. Bxf3 Rfe8 16. Bh2 Rab8 17. Rfd1 h5 {1-0 (34) Ochsner,B (2469)-Petersen,P (2128) Helsingor 2018}) 13... Bxf3 $1 14. Bxf3 Nfd7 15. O-O Ne5 16. Be2 Nbd7 17. Bg3 Rfe8 18. Qc2 {[#] f4 is the strong threat.} c4 19. a5 b5 20. axb6 $1 Qxb6 21. Ra4 Reb8 22. Bxc4 (22. Rb1 $14) 22... Qxb2 $11 23. Qxb2 Rxb2 24. Ne4 Nxc4 (24... a5 $15 25. Ba2 (25. Nxd6 $2 Nb6 $19) 25... Nb6) 25. Rxc4 {The position is equal.} Nb6 26. Rc6 a5 27. Bxd6 ({Reject} 27. Rxd6 a4 $17) 27... Nxd5 28. Rfc1 {[#] Black must now prevent Rc8+.} Nb6 29. Bc5 Nd7 30. Bd6 Nb6 31. Bc5 Nd7 32. Bd6 Nb6 {Precision: White = 53%, Black = 60%.} 1/2-1/2

[Event "1st Goa GM Open 2018"]
[Site "Taleigao"]
[Date "2018.10.20"]
[Round "10"]
[White "Surendran N"]
[Black "Anwesh, Upadhyaya"]
[Result "1-0"]
[WhiteElo "2210"]
[BlackElo "2381"]
[Annotator "TA"]
[PlyCount "47"]
[EventDate "2018.10.13"]
[EventType "swiss"]
[EventCountry "IND"]
[SourceTitle "playchess.com"]
[Source "ChessBase"]
[SourceQuality "1"]

{[%evp 18,47,38,-10,92,60,81,16,28,37,35,44,42,46,35,18,32,15,24,19,6,20,32,41,53,27,31,-4,681,99,1193,-1579]} 1. d4 Nf6 2. Nf3 e6 3. c4 c5 4. d5 exd5 5. cxd5 g6 6. Nc3 d6 7. Bf4 Bg7 8. Qa4+ Bd7 9. Qb3 Qc7 10. e3 {LiveBook: 17 Games. A61: Modern Benoni: Nf3 without early e4} (10. e4 O-O 11. Nd2 Nh5 12. Be3 f5 13. exf5 Bxf5 14. h3 Nf6 15. g4 Bd7 16. Bg2 Na6 17. O-O Rab8 18. Rfe1 b5 19. Nce4 Ne8 20. a3 {½-½ (49) Riazantsev,A (2666)-Donchenko,A (2559) Douglas 2017}) 10... a6 (10... Nh5 $11 {remains equal.}) 11. a4 O-O 12. Be2 (12. h3 $16) 12... Bg4 13. h3 $146 ({Predecessor:} 13. O-O Nbd7 14. h3 Bxf3 15. Bxf3 Rfe8 16. Bh2 Rab8 17. Rfd1 h5 {1-0 (34) Ochsner,B (2469)-Petersen,P (2128) Helsingor 2018}) 13... Bxf3 $1 14. Bxf3 Nfd7 15. O-O Ne5 16. Be2 Nbd7 17. Bg3 Rfe8 18. Qc2 $36 {[%mdl 2048] [#] f4 is the strong threat. White has the initiative.} c4 19. a5 b5 20. axb6 $1 Qxb6 21. Ra4 Reb8 22. Bxc4 Qb4 $2 {[%mdl 8192] [#]} (22... Qxb2 $11 23. Qxb2 Rxb2 24. Rxa6 Rxa6 25. Bxa6 Nc5) 23. b3 $2 (23. Rxb4 $18 {has better winning chances.} Rxb4 24. Be2) 23... Qxb3 $2 {[%mdl 8192]} (23... Qb6 $16) 24. Qb2 $4 {[%mdl 40960] Precision: White = 21%, Black = 30%. . Loss on Time!?} (24. Bxb3 $18 Nc5 25. Ra3) 1-0

[Event "1st Goa GM Open 2018"]
[Site "Taleigao"]
[Date "2018.10.20"]
[Round "10"]
[White "Ajay Karthikeyan"]
[Black "Audi Ameya"]
[Result "0-1"]
[WhiteElo "2195"]
[BlackElo "2375"]
[Annotator "TA"]
[PlyCount "74"]
[EventDate "2018.10.13"]
[EventType "swiss"]
[EventCountry "IND"]
[SourceTitle "playchess.com"]
[Source "ChessBase"]
[SourceQuality "1"]

{[%evp 18,74,0,0,0,0,0,0,4,0,0,0,16,21,12,16,31,10,35,35,47,17,2,0,0,0,0,0,0,0,0,-162,-98,-95,-99,-151,-142,-337,-386,-336,-345,-627,-631,-787,-735,-658,-499,-774,-756,-5569,-5367,-5033,-4993,-2067,-2030,-1637,-1614,-29979,-29978]} 1. c4 Nf6 2. g3 g6 3. Bg2 Bg7 4. Nc3 d6 5. Rb1 e5 6. d3 Nc6 7. b4 {[%cal Bb2b4,Bb4b5][%mdl 32]} O-O {A25: Englische Eröffnung (Sizilianisch im Anzug)} 8. b5 Nd4 9. e3 Ne6 10. Nge2 {LiveBook: 3 Partien} a6 11. a4 Re8 12. O-O axb5 13. axb5 Nc5 14. e4 Bd7 $146 ({Vorgänger:} 14... Be6 15. f4 exf4 16. gxf4 {0-1 (30) Pashikian,A (2594)-Oboladze,L (2226) Tsaghkadzor 2017}) 15. h3 Qc8 16. Kh2 h5 17. Bg5 Nh7 18. Be3 h4 19. gxh4 Qd8 20. h5 Qh4 $1 21. hxg6 fxg6 22. Nd5 Ra3 23. Bxc5 dxc5 24. f4 $2 {[#]} (24. Nxc7 $11 {und Weiss muss sich keine Sorgen machen.} Rf8 25. Ra1 Rxa1 26. Qxa1) 24... exf4 (24... c6 $1 $19 {[%cal Rc6d5]} 25. Nb6 Bg4) 25. Nexf4 $17 ({Nur nicht} 25. Ndxf4 $2 g5 $19) 25... Be5 26. Kg1 (26. Kh1 $142 Ra2 27. Qe1) 26... Ra2 {[%mdl 1024] Und weiter mit ...Tf8 wäre nett. Schwarz hat starke Kompensation.} ({Ein No Go ist} 26... Qg3 27. Qe1 $11) 27. Qe1 $2 {[#]} (27. d4 $17 cxd4 28. Qe1) 27... Qh6 $1 $19 28. h4 g5 29. Qg3 $2 (29. Ne2 gxh4 30. Kh1) 29... Kh8 30. hxg5 Bd4+ 31. Ne3 Qxg5 32. Rf3 (32. Qxg5 $142 Bxe3+ 33. Kh1 Nxg5 34. Rbe1) 32... Rg8 33. Qh2 Bxe3+ 34. Rxe3 {[#]} Rxg2+ $1 {[%mdl 512]} 35. Nxg2 Qxe3+ $1 36. Kh1 Qf3 37. Rg1 Rg5 {Precision: Weiß = 49%, Schwarz = 79%.} 0-1